Plant cell culture : (Record no. 2036)
[ view plain ]
| 000 -LEADER | |
|---|---|
| fixed length control field | 01335cam a2200361 a 4500 |
| 001 - CONTROL NUMBER | |
| control field | 3486604 |
| 005 - DATE AND TIME OF LATEST TRANSACTION | |
| control field | 20150212090419.0 |
| 006 - FIXED-LENGTH DATA ELEMENTS--ADDITIONAL MATERIAL CHARACTERISTICS--GENERAL INFORMATION | |
| fixed length control field | 000 |
| 007 - PHYSICAL DESCRIPTION FIXED FIELD--GENERAL INFORMATION | |
| fixed length control field | 000 |
| 008 - FIXED-LENGTH DATA ELEMENTS--GENERAL INFORMATION | |
| fixed length control field | 000 |
| 010 ## - LIBRARY OF CONGRESS CONTROL NUMBER | |
| LC control number | 94016576 |
| 020 ## - INTERNATIONAL STANDARD BOOK NUMBER | |
| International Standard Book Number | 0199634033 (hbk) : |
| Terms of availability | $47.50 |
| International Standard Book Number | 0199634025 (pbk) |
| 040 ## - CATALOGING SOURCE | |
| Original cataloging agency | UOEL |
| Transcribing agency | DLC |
| Modifying agency | DLC |
| 050 00 - LIBRARY OF CONGRESS CALL NUMBER | |
| Classification number | QK725 |
| Item number | .P553 1994 |
| 082 00 - DEWEY DECIMAL CLASSIFICATION NUMBER | |
| Classification number | 581/.0724 |
| Edition number | 20 |
| 245 00 - TITLE STATEMENT | |
| Title | Plant cell culture : |
| Remainder of title | a practical approach / |
| Statement of responsibility, etc | edited by Richard A. Dixon and Robert A. Gonzales. |
| 250 ## - EDITION STATEMENT | |
| Edition statement | 2nd ed. |
| 260 ## - PUBLICATION, DISTRIBUTION, ETC. (IMPRINT) | |
| Place of publication, distribution, etc | Oxford [England] ; |
| -- | New York : |
| Name of publisher, distributor, etc | IRL Press at Oxford University Press, |
| Date of publication, distribution, etc | c1994. |
| 300 ## - PHYSICAL DESCRIPTION | |
| Extent | xx, 230 p. : |
| Other physical details | ill. ; |
| Dimensions | 24 cm. |
| 440 #4 - SERIES STATEMENT/ADDED ENTRY--TITLE | |
| Title | The Practical approach series ; |
| Volume number/sequential designation | 145 |
| 504 ## - BIBLIOGRAPHY, ETC. NOTE | |
| Bibliography, etc | Includes bibliographical references and index. |
| 650 #0 - SUBJECT ADDED ENTRY--TOPICAL TERM | |
| Topical term or geographic name as entry element | Plant cell culture. |
| Topical term or geographic name as entry element | Plant tissue culture. |
| Topical term or geographic name as entry element | Plant biotechnology. |
| 700 1# - ADDED ENTRY--PERSONAL NAME | |
| Personal name | Dixon, R. A. |
| Personal name | Gonzales, Robert A. |
| 856 42 - ELECTRONIC LOCATION AND ACCESS | |
| Materials specified | Publisher description |
| Uniform Resource Identifier | <a href="http://www.loc.gov/catdir/enhancements/fy0605/94016576-d.html">http://www.loc.gov/catdir/enhancements/fy0605/94016576-d.html</a> |
| Materials specified | Table of contents only |
| Uniform Resource Identifier | <a href="http://www.loc.gov/catdir/enhancements/fy0605/94016576-t.html">http://www.loc.gov/catdir/enhancements/fy0605/94016576-t.html</a> |
| 906 ## - LOCAL DATA ELEMENT F, LDF (RLIN) | |
| a | 7 |
| b | cbc |
| c | orignew |
| d | 1 |
| e | ocip |
| f | 19 |
| g | y-gencatlg |
| 942 ## - ADDED ENTRY ELEMENTS (KOHA) | |
| Source of classification or shelving scheme | Library of Congress Classification |
| Item type | Loan - Normal on open shelf |
| Withdrawn status | Lost status | Source of classification or shelving scheme | Damaged status | Not for loan | Home library | Current library | Shelving location | Date acquired | Total Checkouts | Full call number | Barcode | Date last seen | Date last borrowed | Copy number | Price effective from | Koha item type |
|---|---|---|---|---|---|---|---|---|---|---|---|---|---|---|---|---|
| Library of Congress Classification | UOE Main Library | UOE Main Library | Open shelf | 12/02/2015 | 2 | QK725 .P553 1994 | 10054884 | 27/04/2026 | 05/08/2021 | 10054884 | 12/02/2015 | Loan - Normal on open shelf | ||||
| Library of Congress Classification | UOE Main Library | UOE Main Library | Open shelf | 12/02/2015 | QK725 .P553 1994 | 10054883 | 27/04/2026 | 10054883 | 12/02/2015 | Loan - Normal on open shelf |
